000 00736nam a2200217Ia 4500
003 GCL
008 140319s9999 xx 000 0 ara d
040 _aGCL /
_cGCL
082 0 4 _aق
_b320.12
_bع ح
100 1 _aعزالدين فوده
245 1 0 _aحدود مصر الدولية /
_cعزالدين فوده
260 _aالقاهرة :
_bمركز البحوث والدراسات السياسية ،
_c1993
300 _a609 ص ؛
_c32 سم
650 0 4 _aالقانون الدولى العام
650 0 4 _aمصر
650 0 4 _aالحدود السياسية
650 0 4 _aالجغرافيا السياسية
650 0 4 _aالحدود الجغرافية
650 0 4 _aالمياه الاقليمية
942 _2ddc
_cBK
999 _c31088
_d31088